000 00662nam a2200229Ia 4500
003 OSt
005 20220928105418.0
006 a|||||r|||| 00| 0
007 ta
008 220927b |||||||| |||| 00| 0 eng d
024 _a52248
037 _cTextual
040 _aSDCL
_cSDCL
_beng
041 _2eng
_aeng
082 _aV53:51'L8, M3
100 _aBlanning T C W
_9415171
245 0 _aFrench revolution in Germany
_b Occupation and resistance in the Rhineland 1792-1802.
260 _aOxford
_bClarendon Press
_c1983
300 _a353p.
_ccm.
942 _hV53:51'L8, M3
_cTEXL
_2CC
999 _c731006
_d731006